Annual edition juvenile delinquency and justice / 06/07

Gorde:
Xehetasun bibliografikoak
Egile nagusia: Struckhoff, David R.
Formatua: Ezezaguna
Hizkuntza:English
Argitaratua: Oxford University : McGraw-hill, 2006.
Gaiak:
Etiketak: Etiketa erantsi
Etiketarik gabe, Izan zaitez lehena erregistro honi etiketa jartzen!
Thư viện lưu trữ: Mạng thư viện Đại học Đà Nẵng
LEADER 01011ca a2200277 4500
001 000031565
003 6390
005 20210315092719.0
008 151001s2006 000 eng
020 |a 0073515973 
041 |a eng 
082 |a 364.360973  |b ST-D 
100 |a Struckhoff, David R. 
245 0 |a Annual edition juvenile delinquency and justice /  |c David R.Struckhoff  |n 06/07 
260 |a Oxford University :  |b McGraw-hill,  |c 2006. 
300 |a 207p. :  |b ill. ;  |c 30cm. 
650 |a juvenile delinquency and justice  |a juvenile delinquency  |a justice 
OWN |a LNN 
902 |b TKA 
AVA |a UDN50  |b LNN  |c English  |d 420.3 ST-D  |e available  |t Error 5001 Not defined in file expand_doc_bib_avail.  |f 1  |g 0  |h N  |i 0  |j AN  |k 1 
999 |a From the UDN01 
AVA |a UDN50  |b LNN  |c English  |d 420.3 ST-D  |e available  |t Error 5001 Not defined in file expand_doc_bib_avail.  |f 1  |g 0  |h N  |i 0  |j AN  |k 1 
TYP |a Printed language 
980 |a Mạng thư viện Đại học Đà Nẵng